[Event "Haarlem AKN op 07th"]
[Site "Haarlem"]
[Date "1998.??.??"]
[Round "5"]
[White "Horvath, Jozsef"]
[Black "Vigus, James"]
[Result "1-0"]
[WhiteElo "2515"]
[BlackElo "2260"]
[PlyCount "65"]
[EventDate "1998.07.01"]
[EventType "swiss"]
[EventRounds "6"]
[EventCountry "NED"]
[SourceTitle "EXT 1999"]
[Source "ChessBase"]
[SourceDate "1998.11.16"]
[SourceVersion "1"]
[SourceVersionDate "1998.11.16"]
[SourceQuality "1"]

1. d4 d5 2. c4 c6 3. Nf3 Nf6 4. Qc2 dxc4 5. Qxc4 Bf5 6. Nc3 e6 7. g3 Nbd7 8. Bg2 Be7 9. 0-0 0-0 10. Re1 Ne4 11. Bf4 Nxc3 12. bxc3 Be4 13. a4 Nb6 14. Qa2 Qd5 15. a5 Nc4 16. Nh4 Bxh4 17. f3 e5 18. fxe4 Qb5 19. Reb1 Qa6 20. Bxe5 Nxe5 21. gxh4 Nc4 22. e5 Rad8 23. Be4 Rd5 24. Bxd5 cxd5 25. Qc2 Qe6 26. Qd3 b6 27. axb6 axb6 28. Rf1 Qh6 29. Qf5 Qe3+ 30. Kh1 Nd2 31. Qxf7+ Rxf7 32. Ra8+ Rf8 33. Raxf8# 1-0